00561 2200193 4500001002100000005001700021008004100038035002400079040001200103082001700115084002100132090002500153245005200178260005300230300003100283650002300314850001200337990001800349INLIS00000000002365220161028100540.0  0010-101600000000604 aYOPDYOG a306.40959852 a306.40959852 Men aBTR 306.40959852 Men aMengenal Kakehan Di Pulau Seramc/ Joseph L. C. aAmbonbProyek Pembinaan Permuseuman Malukuc1992 a57 hlm.b: ilus.c; 21 cm. aKebudayaanzMaluku aYOPDYOG a52975-PD/A.16